Cấu tạo kiến trúc và chọn hình kết cấu

Cuốn " Cấu tạo kiến trúc" là tập cuối của bộ sách " Nguyên lý thiết kế kiến trúc dân dụng" Cuốn sách gồm 11 chương chứa đựng những nội dung từ căn bản đến nâng cao từ lý luận đến thực tiễn và có cập nhật những...

Deskribapen osoa

Gorde:
Xehetasun bibliografikoak
Egile nagusia: Nguyễn, Đức Thiềm
Formatua: Liburua
Hizkuntza:Undetermined
Argitaratua: Hà Nội Xây dựng 2006
Gaiak:
Etiketak: Etiketa erantsi
Etiketarik gabe, Izan zaitez lehena erregistro honi etiketa jartzen!
Thư viện lưu trữ: Trung tâm Học liệu Trường Đại học Cần Thơ
LEADER 01196nam a2200217Ia 4500
001 CTU_129447
008 210402s9999 xx 000 0 und d
020 |c 72000 
082 |a 721 
082 |b Th304 
100 |a Nguyễn, Đức Thiềm 
245 0 |a Cấu tạo kiến trúc và chọn hình kết cấu 
245 0 |c Nguyễn Đức Thiềm 
260 |a Hà Nội 
260 |b Xây dựng 
260 |c 2006 
520 |a Cuốn " Cấu tạo kiến trúc" là tập cuối của bộ sách " Nguyên lý thiết kế kiến trúc dân dụng" Cuốn sách gồm 11 chương chứa đựng những nội dung từ căn bản đến nâng cao từ lý luận đến thực tiễn và có cập nhật những minh hoạ, những tiến bộ mới nhất trong xây dựng, thiết kế kiến trúc trong và ngoài nước trong suốt 10 năm qua 
650 |a buildings,structural analysis ( engineering ),Thiết kế xây dựng 
650 |x design and construction 
904 |i Năm 
980 |a Trung tâm Học liệu Trường Đại học Cần Thơ